000 01074cam a22003493a 4500
001 2153
003 PGUSA
005 20140828083011.0
008 000401s2000||||xxu|||||s|||||000 1 eng d
040 _aPGUSA
_beng
042 _adc
050 4 _aPR
100 1 _aGaskell, Elizabeth Cleghorn,
_d1810-1865
245 1 0 _aMary Barton
_h[electronic resource] /
_cElizabeth Cleghorn Gaskell
260 _bProject Gutenberg,
_c2000
506 _aPublic domain in the USA.
516 _aElectronic text
653 _aManchester (England) -- Fiction
653 _aWorking class women -- Fiction
653 _aLove stories
653 _aPoor families -- Fiction
653 _aFathers and daughters -- Fiction
653 _aTriangles (Interpersonal relations) -- Fiction
653 _aTextile industry -- Fiction
653 _aTrials (Murder) -- Fiction
653 _aDomestic fiction
653 _aLabor unions -- Fiction
653 _aPolitical fiction
830 0 _aProject Gutenberg
_v2153
856 4 0 _uhttp://www.gutenberg.org/ebooks/2153
942 _cEB
999 _c231491
_d231491